000 00729nam a2200217Ia 4500
001 10856
003 GE_BSU
008 181216s||||||||xx |||||||||||||| ||und||
040 _cGE_BSU
080 _a821.353.1–1
100 _aქემერტელიძე,იორამ
245 _aთეთრი თოვლი და თეთრი მაისი.
245 _bლექსები.
245 _cრედ.მ.ქოიავა; მხატვ.ნ.მალაზონია.
260 _aთბილისი.
260 _bმერანი.
260 _c1969.
300 _a70გვ;17სმ.
653 _aთეთრი თოვლი და თეთრი მაისი.
942 _cBK
999 _c44098
_d44098